000
00145nam a22000857a 4500
020
_a
9789382607274
082
_a
K200
245
_a
SHIVA
942
_c
BK
999
_c
5002
_d
5002